Catálogo
 En Linea

Intercambio Social y Desarrollo del Bienestar / (Registro nro. 40982)

Detalles MARC
000 -CABECERA
campo de control de longitud fija 01424nam a2200277 a 4500
001 - NÚMERO DE CONTROL
campo de control 000041492
005 - FECHA Y HORA DE LA ÚLTIMA TRANSACCIÓN
campo de control 20201002034934.0
008 - DATOS DE LONGITUD FIJA--INFORMACIÓN GENERAL
campo de control de longitud fija 131008s1993 sp 000 0 spa d
020 ## - NÚMERO INTERNACIONAL ESTÁNDAR DEL LIBRO
Número Internacional Estándar del Libro 8400049497
040 ## - FUENTE DE LA CATALOGACIÓN
Centro catalogador/agencia de origen DO-SdBNP
Lengua de catalogación spa
Centro/agencia transcriptor BNPHU
082 ## - NÚMERO DE LA CLASIFICACIÓN DECIMAL DEWEY
Número de clasificación 361.61094
Número de documento/Ítem I61s
245 00 - MENCIÓN DE TÍTULO
Título Intercambio Social y Desarrollo del Bienestar /
Mención de responsabilidad, etc. Luis Moreno, compilador.
260 ## - PUBLICACIÓN, DISTRIBUCIÓN, ETC.
Lugar de publicación, distribución, etc. Madrid :
-- Consejo Superior de Investigaciones Científicas, Instituto de Estudios Sociales Avanzados,
Fecha de publicación, distribución, etc. 1993.
300 ## - DESCRIPCIÓN FÍSICA
Extensión viii, 427 p. :
Otras características físicas 24 cm.
490 1# - MENCIÓN DE SERIE
Mención de serie Politeya
-- estudios de política y sociedad
Designación de volumen o secuencia 4
500 ## - NOTA GENERAL
Nota general Incluye referencias bibliográficas y notas al pie de las páginas.
500 ## - NOTA GENERAL
Nota general ¨El II Seminario Internacional de Política Social 'Gumersindo de Azcárate', fue organizado por el Instituto de Estudios Sociales Avanzados (IESA), del Consejo Superior de Investigaciones Científicas (CSIC), entre marzo y mayo de 1992"--P. 1.
504 ## - NOTA DE BIBLIOGRAFÍA, ETC.
Nota de bibliografía, etc. Bibliografía: p. 196
650 #4 - PUNTO DE ACCESO ADICIONAL DE MATERIA--TÉRMINO DE MATERIA
Término de materia o nombre geográfico como elemento de entrada Asistencia pública
Subdivisión geográfica Europa
9 (RLIN) 68187
651 #4 - PUNTO DE ACCESO ADICIONAL DE MATERIA--NOMBRE GEOGRÁFICO
Nombre geográfico Europa
Subdivisión general Política Social
9 (RLIN) 68188
700 12 - PUNTO DE ACCESO ADICIONAL--NOMBRE DE PERSONA
Nombre de persona Moreno, Luis
Forma completa/desarrollada del nombre (Moreno Fernández)
9 (RLIN) 59681
710 2# - PUNTO DE ACCESO ADICIONAL--NOMBRE DE ENTIDAD CORPORATIVA
Nombre de entidad corporativa o nombre de jurisdicción como elemento de entrada Instituto de Estudios Sociales Avanzados (España)
9 (RLIN) 59680
711 2# - PUNTO DE ACCESO ADICIONAL--NOMBRE DE REUNIÓN/CONGRESO
Nombre de congreso/reunión o jurisdicción como elemento de entrada Seminario Internacional de Política Social "Gumersindo de Azcárate
Número del congreso/reunión o número de parte o sección 2 :
Fecha del congreso/reunión 1992:
Sede del congreso/Lugar de la reunión Madrid, España
9 (RLIN) 68189
830 #0 - PUNTO DE ACCESO ADICIONAL DE SERIE-TÍTULO UNIFORME
Título uniforme Politeya
Nombre de parte o sección de la obra estudios de política y sociedad
Número de parte o sección de la obra 4
9 (RLIN) 68190
910 ## - DATOS DE OPCIÓN DEL USUARIO (OCLC)
Datos de opción del usuario Validado. Control de calidad MFF
Existencias
Estado de retiro Estado de pérdida Restricciones de uso No para préstamo Código de colección Localización permanente Ubicación/localización actual Ubicación en estantería Fecha de adquisición Número de inventario Total de préstamos Signatura topográfica completa Código de barras Fecha visto por última vez Precio válido a partir de Tipo de ítem Koha
      Excluido de préstamo Monografías: Libros y Folletos General General Depósito 08.10.2013 LF1   361.61094 I61s 41492-10 25.06.2020 25.06.2020 No se presta

Con tecnología Koha